Arcana Naturae, et Artis Laureatis Honoribus Illustrissimi Domini Josephi L. B. Fischer se Nagy. Szalattnya AA. LL. et Philos. Neo. Baccalaurei Dum Per R. P. Andream Felker è Societate Jesu AA. LL. et Philosophiae Doctorem, ejusdémq; in Alma Episcopali universitate Cassoviensi Professorem Ordinarium In publica ejusdem Universitatis Aula primâ AA. LL. et Philosophiae Laureâ insignitetur. A Neo-Baccalaureis Condiscipulis dicata Anno salutis M. DCC.XXXIV. Mense Julio Die 6.

Bibliographic Details
Main Author: Felker, Andrej (Author)
Corporate Author: Frauenheim, Johann Heinrich (Košice, Slovensko) (Printer)
Format: Book
Language:Latin
PhysicalDescription:12 nečíslovaných strán, 195 strán, 9 nečíslovaných strán 13 cm
Subjects:

MARC

LEADER 00000nam a2200000 4500
001 vtls001310791
003 SK-MaSNL
005 20260301113919.0
008 180810s1734 xo a f 01000 lat
015 |a SNBHFA 
035 |a SNK000263147 
040 |a SNK  |b slo  |c SNK  |e rda 
041 0 |a lat 
044 |a xo  |c SK 
072 7 |a 5  |x Prírodné vedy. Matematické vedy  |2 konspekt 
072 7 |a 094  |x Staré tlače  |2 konspekt 
080 |a 5  |2 2011 
080 |a 094  |2 2011 
100 1 |a Felker, Andrej  |4 aut  |9 456686 
245 1 0 |a Arcana Naturae, et Artis  |b Laureatis Honoribus Illustrissimi Domini Josephi L. B. Fischer se Nagy. Szalattnya AA. LL. et Philos. Neo. Baccalaurei Dum Per R. P. Andream Felker è Societate Jesu AA. LL. et Philosophiae Doctorem, ejusdémq; in Alma Episcopali universitate Cassoviensi Professorem Ordinarium In publica ejusdem Universitatis Aula primâ AA. LL. et Philosophiae Laureâ insignitetur. A Neo-Baccalaureis Condiscipulis dicata Anno salutis M. DCC.XXXIV. Mense Julio Die 6. 
264 3 |a Cassoviae  |b Typis Academicis per Joan. H. Frauenheim  |c Anno salutis M. DCC.XXXIV. (1734) Mense Julio Die 6. 
300 |a 12 nečíslovaných strán, 195 strán, 9 nečíslovaných strán  |c 13 cm 
336 |a text  |b txt  |2 rdacontent 
337 |a bez média  |b n  |2 rdamedia 
338 |a zväzok  |b nc  |2 rdacarrier 
500 |a Ozdobné linky, iniciálka s ornamentálnym pozadím v rámčeku na 3 riadky, reprezentanty iniciálok, typografické ozdoby, kustody, koncová vineta 
505 2 |a Tlač obsahuje menoslov študentov Trnavskej univerzity 
508 |a Dedikácia: Fischer, Jozef L. B. 
510 4 |a Bibliografia 18. storočia  |c 2762 
546 |a Latinský text  |b Antikva  |b Kurzíva 
561 |a Rukopisný provenienčný záznam na titulnom liste: [...].  |5 SNK SE 4418 
562 |a Rukopisné poznámky v maďarčine.  |5 SNK SE 4418 
563 |a Väzba: hnedá hladká koža.  |5 SNK SE 4418 
650 0 7 |a prírodné vedy  |2 SNKPH  |9 694 
650 0 7 |a staré tlače  |2 SNKPH  |9 51683 
700 1 |a Fischer, Jozef L. B.  |4 hnr  |9 456687 
710 0 |a Frauenheim, Johann Heinrich (Košice, Slovensko)  |4 prt  |9 412165 
752 |a Slovensko  |d Košice 
852 |a snk  |p SE 4418 
958 |a ONDV 
958 |a DD 
999 |c 716313  |d 718243 
952 |a SNK  |b SNK  |y PREZ  |7 0  |p 17A0099827  |o snkSE 4418  |i snkF 4414/67  |8 5  |0 0  |1 0  |4 0  |d 1997-11-17  |l 0  |r 2005-01-02 00:00:00  |w 2026-02-23